Petroleum committee: Nine session, Geneva, 1980 : Working conditions and working environment in the petroleum industry, including offshore activities

Đã lưu trong:
书目详细资料
格式: 图书
语言:Undetermined
出版: Geneva, Switzerland International Labour Office 1980
主题:
标签: 添加标签
没有标签, 成为第一个标记此记录!
Thư viện lưu trữ: Trung tâm Học liệu Trường Đại học Cần Thơ
LEADER 00655nam a2200181Ia 4500
001 CTU_107074
008 210402s9999 xx 000 0 und d
082 |a 665.5 
082 |b I.61/Rep.3 
245 0 |a Petroleum committee: Nine session, Geneva, 1980 : 
245 0 |b Working conditions and working environment in the petroleum industry, including offshore activities 
245 0 |c International Labour Organisation 
260 |a Geneva, Switzerland 
260 |b International Labour Office 
260 |c 1980 
650 |a Petroleum engineering,Petroleum industry and trade 
904 |i Minh 
980 |a Trung tâm Học liệu Trường Đại học Cần Thơ